Statistiques concernant Plus gros scores en Coupe du Monde de Basket

Cliquez ici pour prendre le quiz!

Statistiques générales

  • Ce quiz a été pris 53 fois
  • Le résultat moyen est 12 sur 26

Statistiques - réponses

Réponse% Correct
Etats-Unis
98%
Espagne
88%
Canada
76%
RF Yougoslavie
75%
Brésil
71%
Australie
69%
Chine
65%
Lituanie
65%
Serbie
65%
Japon
61%
URSS
57%
Yougoslavie
57%
Corée du Sud
37%
Croatie
33%
Sénégal
33%
Angola
31%
Egypte
29%
Algérie
25%
Philippines
25%
Colombie
24%
Porto Rico
22%
Uruguay
22%
Finlande
20%
Panama
14%
Malaisie
4%
République Centrafricaine
0%

Distribution des résultats

Percentile par nombre de réponses

% des personnes avec chaque résultat

Votre développement - résultats

Vous n’avez pas pris ce quiz